00413cam a2200157ua 45000010005000000080039000050400009000440820013000531000028000662450051000942500009001452600042001543000016001966530018002126530025002303925111214n ii |||gr||||Z||||||asm cMAIN a891.4511 aNeog, Mohitri Handique,11aKabita jivan sanghatcby Mohitri Handique Neog a3rd. aSonari:bMoitri Handique Neog,c2002. a42p:c23cm. aAssamese poem aKabita jivan sanghat